AN INTERMEDIATE ENGLISH PRACTICE BOOK (Record no. 7782)
[ view plain ]
| 000 -LEADER | |
|---|---|
| fixed length control field | 00437cam a2200181ua 4500 |
| 008 - FIXED-LENGTH DATA ELEMENTS--GENERAL INFORMATION | |
| fixed length control field | 120502n1983 II |||gr||||Z||||||eng |
| 040 ## - CATALOGING SOURCE | |
| Original cataloging agency | MAIN |
| 041 ## - LANGUAGE CODE | |
| -- | English |
| 082 ## - DEWEY DECIMAL CLASSIFICATION NUMBER | |
| Classification number | 427 PIT |
| 100 ## - MAIN ENTRY--PERSONAL NAME | |
| Personal name | PIT CORDER, S. |
| 245 ## - TITLE STATEMENT | |
| Title | AN INTERMEDIATE ENGLISH PRACTICE BOOK |
| 250 ## - EDITION STATEMENT | |
| Edition statement | 6TH. |
| 260 ## - PUBLICATION, DISTRIBUTION, ETC. | |
| Place of publication, distribution, etc. | HYDERABAD |
| Name of publisher, distributor, etc. | ORIENT LONGMAN |
| Date of publication, distribution, etc. | 1983 |
| 300 ## - PHYSICAL DESCRIPTION | |
| Extent | 317.: |
| Dimensions | 20CM. |
| 942 ## - ADDED ENTRY ELEMENTS (KOHA) | |
| Koha item type | Books |
| 653 ## - INDEX TERM--UNCONTROLLED | |
| Uncontrolled term | English language variations |
| Withdrawn status | Lost status | Damaged status | Not for loan | Collection code | Home library | Current library | Shelving location | Date acquired | Full call number | Barcode | Date last seen | Copy number | Price effective from | Koha item type |
|---|---|---|---|---|---|---|---|---|---|---|---|---|---|---|
| REFENG | Central Library and Information Centre Sibsagar Girls College | Central Library and Information Centre Sibsagar Girls College | English Rack | 19.08.1980 | 427 PIT | 06913 | 27.02.2020 | 1 | 27.02.2020 | Books | ||||
| REFENG | Central Library and Information Centre Sibsagar Girls College | Central Library and Information Centre Sibsagar Girls College | English Rack | 19.08.1980 | 427 PIT | 06914 | 27.02.2020 | 2 | 27.02.2020 | Books | ||||
| REFENG | Central Library and Information Centre Sibsagar Girls College | Central Library and Information Centre Sibsagar Girls College | English Rack | 19.08.1980 | 427 PIT | 06915 | 27.02.2020 | 3 | 27.02.2020 | Books |